Classical library buildings of the world (Record no. 21820)

MARC details
000 -LEADER
campo de control de longitud fija 00801nmm a2200241 a 4500
003 - IDENTIFICADOR DE NÚMERO DE CONTROL
campo de control AR-X00000XY
005 - FECHA Y HORA DE LA ÚLTIMA TRANSACCIÓN
campo de control 20251128211949.0
008 - DATOS DE LONGITUD FIJA--INFORMACIÓN GENERAL
campo de control de longitud fija 137020s2006 ||||||||||||||000 | chi||
020 ## - NÚMERO INTERNACIONAL ESTÁNDAR DEL LIBRO
Número Internacional Estándar del Libro 7-5439-3005-6
040 ## - FUENTE DE CATALOGACIÓN
Centro/agencia transcriptor AR-X00000XY
245 10 - MENCIÓN DEL TÍTULO
Título Classical library buildings of the world
260 ## - PUBLICACIÓN, DISTRIBUCIÓN, ETC.
Lugar de publicación, distribución, etc. Shangai
Nombre del editor, distribuidor, etc. Shangai Library
Fecha de publicación, distribución, etc. 2006
300 0# - DESCRIPCIÓN FÍSICA
Extensión [ca. 200 p.]
Otros detalles físicos il.
500 0# - NOTA GENERAL
Nota general Edición bilingüe chino-inglés
500 1# - NOTA GENERAL
Nota general Incluye reproducciones fotográficas de 47 bibliotecas del mundo distinguidas por su estilo arquitectónico, entre ellas, la Biblioteca Nacional de Maestros de Buenos Aires
650 #4 - PUNTO DE ACCESO ADICIONAL DE MATERIA--TÉRMINO DE MATERIA
Término de materia o nombre geográfico como elemento de entrada BIBLIOTECAS
650 #4 - PUNTO DE ACCESO ADICIONAL DE MATERIA--TÉRMINO DE MATERIA
Término de materia o nombre geográfico como elemento de entrada EDIFICIOS DE BIBLIOTECAS
650 #4 - PUNTO DE ACCESO ADICIONAL DE MATERIA--TÉRMINO DE MATERIA
Término de materia o nombre geográfico como elemento de entrada ARQUITECTURA
650 #4 - PUNTO DE ACCESO ADICIONAL DE MATERIA--TÉRMINO DE MATERIA
Término de materia o nombre geográfico como elemento de entrada ARTE CLASICO
700 1# - ENTRADA AGREGADA--NOMBRE PERSONAL
Nombre de persona Wu, Jianzhong
Término indicativo de función/relación editor
942 ## - ELEMENTOS DE ENTRADA SECUNDARIOS (KOHA)
Tipo de ítem Koha Libros
998 ## - INFORMACIÓN DE CONTROL LOCAL (RLIN)
Iniciales del catalogador, CIN (RLIN) Nancy
Holdings
Estatus retirado Estado de pérdida Fuente de la clasificación o esquema de estantería Estado de daño Restricciones de uso No para préstamo Biblioteca de origen Biblioteca actual Ubicación en estantería Fecha de adquisición Total de préstamos Código de barras Visto por última vez Precio de reemplazo Tipo de ítem Koha
    Clasificación Decimal Dewey   Acceso restringido No para préstamo Liberty Liberty   28/11/2025   145092 28/11/2025 28/11/2025 Libros